| 000 | 01059nmc a2200409 a 4500 | ||
|---|---|---|---|
| 003 | AR-BaBNM | ||
| 005 | 20251128204813.0 | ||
| 008 | 011101s1984 ||||||||||||||000 | spa|| | ||
| 020 | _a950-23-0176-5 | ||
| 040 | _cAR-BaBNM | ||
| 100 | 1 | _aRodrĂguez Molas, Ricardo | |
| 245 | 1 | 0 | _aHistoria de la tortura y el orden represivo en la Argentina |
| 260 |
_aBuenos Aires _bEudeba _c1984 |
||
| 300 | 0 | _a177 p. | |
| 490 | 0 | _aDerechos humanos | |
| 504 | _aBibliografĂa: p. 171-176 | ||
| 585 | _aExpuesto en: Feria del Libro 2006 | ||
| 650 | 4 | _aCONQUISTA DE AMERICA | |
| 650 | 4 | _aTORTURA | |
| 650 | 4 | _aDERECHOS HUMANOS | |
| 650 | 4 | _aVIOLENCIA | |
| 650 | 4 | _aOPRESION | |
| 650 | 4 | _aABORIGENES | |
| 650 | 4 | _aCASTIGO CORPORAL | |
| 650 | 4 | _aSIGLO DIECIOCHO | |
| 650 | 4 | _aSIGLO DIECINUEVE | |
| 650 | 4 | _aSIGLO VEINTE | |
| 650 | 4 | _aPRISIONES | |
| 650 | 4 | _aDELITOS | |
| 650 | 4 | _aLIBERALISMO | |
| 650 | 4 | _aDOCTRINAS POLITICAS | |
| 650 | 4 | _aAUTORITARISMO | |
| 650 | 4 | _aAUTORITARISMO | |
| 651 | 4 | _aArgentina | |
| 942 | _cBK | ||
| 998 | _csole | ||
| 999 |
_c8894 _d8894 |
||